Hungary Euro 2020 Squad - Statistics

General Stats
  • This quiz has been taken 589 times
    582 since last reset
  • The average score is 12 of 27
Answer Stats
# Position Player % Correct
1 GK Péter Gulácsi
92%
9 FW © Ádám Szalai
88%
4 DF Attila Szalai
87%
6 DF Willi Orbán
79%
20 FW Roland Sallai
74%
8 MF Ádám Nagy
59%
5 DF Attila Fiola
58%
7 MF Loïc Négo
54%
13 MF András Schäfer
53%
12 GK Dénes Dibusz
51%
Manager Marco Rossi
48%
15 MF László Kleinheisler
45%
2 DF Ádám Lang
43%
21 DF Endre Botka
35%
22 GK Ádám Bogdán
33%
23 FW Nemanja Nikolić
30%
24 FW Szabolcs Schön
30%
14 DF Gergő Lovrencsics
29%
19 MF Kevin Varga
29%
17 MF Roland Varga
29%
16 MF Dániel Gazdag
27%
26 DF Bendegúz Bolla
24%
18 MF Dávid Sigér
21%
3 DF Ákos Kecskés
20%
25 FW János Hahn
19%
11 FW Filip Holender
16%
10 MF Tamás Cseri
16%
No matching quizzes found
Score Distribution
Percent of People with Each Score
Percentile by Number Answered
Your Score History
You have not taken this quiz since the last reset